000
00366nam a22001577a 4500
003
MPLRDC
005
20220104125113.0
008
210129b ||||| |||| 00| 0 eng d
082
_a
293.26 ZYY
100
_a
邹云英编著
245
_a
A 血型与十二生肖
_c
260
_a
_b
新时代出版社
_c
300
_b
平
650
_a
942
_c
BK
_o
293.26 ZYY
999
_c
24681
_d
24671